Hradecké ekonomické dni 2010 - ekonomický rozvoj a management regióniov
Výsledky medzinárodnej vedeckej konferencie konanej 2.- 3. februára 2010, ktorú usporiadala Fakulta informatiky a managementu Univerzity Hradec Králové v Hradci Králové.
Salvato in:
| Autore principale: | |
|---|---|
| Natura: | Capitolo di libro |
| Lingua: | slovacco |
| Soggetti: | |
| Tags: |
Nessun Tag, puoi essere il primo ad aggiungerne!!
|
MARC
| LEADER | 00000naa$a2200000$$$4500 | ||
|---|---|---|---|
| 001 | 0116661 | ||
| 005 | 20231114073339.5 | ||
| 041 | 0 | |a slo | |
| 044 | |a SK | ||
| 245 | 1 | 0 | |a Hradecké ekonomické dni 2010 - ekonomický rozvoj a management regióniov |c Ľubomíra Gertler |
| 520 | |a Výsledky medzinárodnej vedeckej konferencie konanej 2.- 3. februára 2010, ktorú usporiadala Fakulta informatiky a managementu Univerzity Hradec Králové v Hradci Králové. | ||
| 610 | 2 | 0 | |a konferencie |
| 610 | 2 | 0 | |a školy vysoké |
| 610 | 2 | 0 | |a vzdelávanie |
| 610 | 2 | 0 | |a vzdelávanie celoživotné |
| 610 | 2 | 0 | |a rozvoj sociálno-ekonomický |
| 610 | 2 | 0 | |a Vyšehradská štvorka |
| 610 | 2 | 0 | |a spolupráca cezhraničná |
| 610 | 2 | 0 | |a trh práce |
| 100 | 1 | |a Gertler, Ľubomíra, 1977- | |